000 00846nam a22002657a 4500
001 BR8700924
003 BR-BrBNA
005 20230928092404.0
007 ta
008 230509b bl.||||| |||| 00| 0 por d
040 _aBR-BrBNA
_bpor
_cBiblioteca Nacional de Agricultura
041 _a(Por)
072 _aE50
_b/G514
090 _ E50 BR8700924
100 1 _aSilva, L.H. da
110 1 _aAssociacao Nordestina de Credito e Assistencia Rural da Paraiba, Joao Pessoa (Brasil)
_9691
245 1 _aTecnica usada por produtores rurais no Estado da Paraiba
260 3 _aJoao Pessoa, PB (Brasil):
_c1971.
300 _a43 p.
500 _a(*) Documento disponível no(a) UFPB, Areia, PB (Brazil). Centro de Ciencias Agrarias
650 _aTECNOLOGIA AGRICOLA
650 _aPARAIBA
909 _a202309
_bLucia
_c55
_dLucia Elande
942 _cBK
999 _c38751
_d38751